Catálogo
 En Linea

Suplemento del índice general de la legislación de la República Dominicana : (Registro nro. 806)

Detalles MARC
000 -CABECERA
campo de control de longitud fija 00631nam a2200181 a 4500
001 - NÚMERO DE CONTROL
campo de control 000000810
003 - IDENTIFICADOR DEL NÚMERO DE CONTROL
campo de control DO-SdBNP
005 - FECHA Y HORA DE LA ÚLTIMA TRANSACCIÓN
campo de control 20210729093840.0
008 - DATOS DE LONGITUD FIJA--INFORMACIÓN GENERAL
campo de control de longitud fija 110602s1953 dr 000 0 spa d
040 ## - FUENTE DE LA CATALOGACIÓN
Centro catalogador/agencia de origen DO-SdBNP
Lengua de catalogación spa
Centro/agencia transcriptor BNPHU
082 ## - NÚMERO DE LA CLASIFICACIÓN DECIMAL DEWEY
Número de clasificación xxxx
Número de documento/Ítem xxxx
130 0# - ENTRADA PRINCIPAL--TÍTULO UNIFORME
Título uniforme República Dominicana
9 (RLIN) 2814
240 #0 - TÍTULO UNIFORME
Título uniforme [Leyes, etc]
245 10 - MENCIÓN DE TÍTULO
Título Suplemento del índice general de la legislación de la República Dominicana :
Resto del título Corriente al año 1950 /
Mención de responsabilidad, etc. Sección de registro de leyes de la Secretaría de E. de la Presidencia.
260 ## - PUBLICACIÓN, DISTRIBUCIÓN, ETC.
Lugar de publicación, distribución, etc. Ciduad Trujillo, República Dominicana:,
Fecha de publicación, distribución, etc. 1953.
300 ## - DESCRIPCIÓN FÍSICA
Extensión 239 p. ;
Dimensiones 25 cm.
942 ## - ELEMENTOS DE PUNTO DE ACCESO ADICIONAL (KOHA)
Fuente del sistema de clasificación o colocación Dewey Decimal Classification
Tipo de ítem Koha Libros y folletos
Existencias
Estado de retiro Estado de pérdida Restricciones de uso No para préstamo Código de colección Localización permanente Ubicación/localización actual Ubicación en estantería Fecha de adquisición Número de inventario Total de préstamos Signatura topográfica completa Código de barras Fecha visto por última vez Precio válido a partir de Tipo de ítem Koha Número de copia
    Préstamo interno Préstamo en sala Dominicana de Servicio Biblioteca Nacional Pedro Henríquez Ureña Biblioteca Nacional Pedro Henríquez Ureña Depósito 26.08.2009 LF1   xxx 810-10 25.06.2020 25.06.2020 Libros y folletos  
    Préstamo restringido Préstamo en sala Dominicana de Servicio Biblioteca Nacional Pedro Henríquez Ureña Biblioteca Nacional Pedro Henríquez Ureña Depósito 26.08.2009 LF1   xxx 810-20 25.06.2020 25.06.2020 Libros y folletos e. 2

Con tecnología Koha